<?xml version="1.0" encoding="UTF-8"?>
<record
    xmlns:xsi="http://www.w3.org/2001/XMLSchema-instance"
    xsi:schemaLocation="http://www.loc.gov/MARC21/slim http://www.loc.gov/standards/marcxml/schema/MARC21slim.xsd"
    xmlns="http://www.loc.gov/MARC21/slim">

  <leader>01313cam a2200301 a 4500</leader>
  <controlfield tag="003">EG-GiCUC</controlfield>
  <controlfield tag="008">110525s1992    ua     g      000 0 ara d</controlfield>
  <datafield tag="017" ind1=" " ind2=" ">
    <subfield code="a">1992/2972</subfield>
    <subfield code="b">&#x645;&#x635;&#x631; . &#x62F;&#x627;&#x631; &#x627;&#x644;&#x643;&#x62A;&#x628;</subfield>
  </datafield>
  <datafield tag="040" ind1=" " ind2=" ">
    <subfield code="a">EG-GiCUC</subfield>
    <subfield code="b">ara</subfield>
    <subfield code="c">EG-GiCUC</subfield>
  </datafield>
  <datafield tag="043" ind1=" " ind2=" ">
    <subfield code="a">n-us---</subfield>
  </datafield>
  <datafield tag="050" ind1=" " ind2="4">
    <subfield code="a">E881</subfield>
    <subfield code="b">.N59 1992</subfield>
  </datafield>
  <datafield tag="092" ind1="0" ind2="4">
    <subfield code="a">327.73</subfield>
    <subfield code="b">N7367</subfield>
    <subfield code="2">21</subfield>
  </datafield>
  <datafield tag="099" ind1=" " ind2=" ">
    <subfield code="a">04</subfield>
    <subfield code="a">327.73 N7367</subfield>
  </datafield>
  <datafield tag="100" ind1="1" ind2=" ">
    <subfield code="a">&#x646;&#x64A;&#x643;&#x633;&#x648;&#x646; : &#x631;&#x64A;&#x62A;&#x634;&#x627;&#x631;&#x62F;</subfield>
  </datafield>
  <datafield tag="245" ind1="1" ind2="0">
    <subfield code="a">&#x627;&#x646;&#x62A;&#x647;&#x632;&#x648;&#x627; &#x627;&#x644;&#x641;&#x631;&#x635;&#x629;..!:</subfield>
    <subfield code="b">&#x627;&#x644;&#x62A;&#x62D;&#x62F;&#x649; &#x627;&#x644;&#x627;&#x645;&#x631;&#x64A;&#x643;&#x649; &#x641;&#x649; &#x639;&#x627;&#x644;&#x645; &#x627;&#x644;&#x62F;&#x648;&#x644;&#x629; &#x627;&#x644;&#x639;&#x638;&#x645;&#x649; &#x627;&#x644;&#x648;&#x627;&#x62D;&#x62F;&#x629; /</subfield>
    <subfield code="c">&#x631;&#x64A;&#x62A;&#x634;&#x627;&#x631;&#x62F; &#x646;&#x64A;&#x643;&#x633;&#x648;&#x646; &#x61B; &#x62A;&#x631;&#x62C;&#x645;&#x629; &#x62D;&#x627;&#x62A;&#x645; &#x63A;&#x627;&#x646;&#x645;</subfield>
  </datafield>
  <datafield tag="250" ind1=" " ind2=" ">
    <subfield code="a">&#x637;1</subfield>
  </datafield>
  <datafield tag="260" ind1=" " ind2=" ">
    <subfield code="a">&#x627;&#x644;&#x627;&#x633;&#x643;&#x646;&#x62F;&#x631;&#x64A;&#x629; :</subfield>
    <subfield code="b"> &#x634;&#x631;&#x643;&#x629; &#x642;&#x627;&#x64A;&#x62A;&#x628;&#x627;&#x649; &#x644;&#x644;&#x637;&#x628;&#x627;&#x639;&#x629; &#x648;&#x627;&#x644;&#x646;&#x634;&#x631; &#x648;&#x627;&#x644;&#x62A;&#x648;&#x632;&#x64A;&#x639;:</subfield>
    <subfield code="c">1992</subfield>
  </datafield>
  <datafield tag="300" ind1=" " ind2=" ">
    <subfield code="a">334&#x635;&#x61B;</subfield>
    <subfield code="c">24&#x633;&#x645;</subfield>
  </datafield>
  <datafield tag="490" ind1="1" ind2=" ">
    <subfield code="a">&#x643;&#x62A;&#x627;&#x628; &#x62A;&#x62D;&#x62A; &#x627;&#x644;&#x627;&#x636;&#x648;&#x627;&#x621;</subfield>
  </datafield>
  <datafield tag="546" ind1=" " ind2=" ">
    <subfield code="a"> &#x627;&#x644;&#x62A;&#x631;&#x62C;&#x645;&#x629; &#x627;&#x644;&#x639;&#x631;&#x628;&#x64A;&#x629; &#x644;&#x640;:seize the moment : </subfield>
    <subfield code="b">americas challenge in a one-superpower world</subfield>
  </datafield>
  <datafield tag="651" ind1=" " ind2="7">
    <subfield code="a">&#x627;&#x644;&#x648;&#x644;&#x627;&#x64A;&#x627;&#x62A; &#x627;&#x644;&#x645;&#x62A;&#x62D;&#x62F;&#x629; &#x627;&#x644;&#x627;&#x645;&#x631;&#x64A;&#x643;&#x64A;&#x629;</subfield>
    <subfield code="x">&#x627;&#x644;&#x639;&#x644;&#x627;&#x642;&#x627;&#x62A; &#x627;&#x644;&#x62E;&#x627;&#x631;&#x62C;&#x64A;&#x629;</subfield>
    <subfield code="y">1989-1993</subfield>
    <subfield code="2">qrmak</subfield>
  </datafield>
  <datafield tag="830" ind1=" " ind2="0">
    <subfield code="a">&#x643;&#x62A;&#x627;&#x628; &#x62A;&#x62D;&#x62A; &#x627;&#x644;&#x627;&#x636;&#x648;&#x627;&#x621;</subfield>
  </datafield>
  <datafield tag="902" ind1=" " ind2=" ">
    <subfield code="a">1</subfield>
  </datafield>
  <datafield tag="905" ind1=" " ind2=" ">
    <subfield code="a">&#x627;&#x628;&#x631;&#x627;&#x647;&#x64A;&#x645;</subfield>
    <subfield code="e">&#x645;&#x631;&#x627;&#x62C;&#x639;   </subfield>
  </datafield>
  <datafield tag="905" ind1=" " ind2=" ">
    <subfield code="a">&#x639;&#x628;&#x64A;&#x631;</subfield>
    <subfield code="e">&#x645;&#x62F;&#x62E;&#x644;</subfield>
  </datafield>
  <datafield tag="942" ind1=" " ind2=" ">
    <subfield code="2">ddc</subfield>
    <subfield code="c">BK</subfield>
  </datafield>
  <datafield tag="999" ind1=" " ind2=" ">
    <subfield code="c">122699</subfield>
    <subfield code="d">122699</subfield>
  </datafield>
  <datafield tag="952" ind1=" " ind2=" ">
    <subfield code="2">ddc</subfield>
    <subfield code="7">0</subfield>
    <subfield code="a">CUCL</subfield>
    <subfield code="b">cl410</subfield>
    <subfield code="d">2024-02-11</subfield>
    <subfield code="o">327.73 N7367 H.G. </subfield>
    <subfield code="p">01000100133130000</subfield>
    <subfield code="r">2024-06-23 00:00:00</subfield>
    <subfield code="t">C.1</subfield>
    <subfield code="y">BK</subfield>
  </datafield>
</record>
